| 000 | 01013 a2200217 4500 | ||
|---|---|---|---|
| 001 | 62932 | ||
| 005 | 20260407155923.0 | ||
| 008 | 260407a2005 arg spa d | ||
| 003 | AR-UNSa-BCEJYS | ||
| 040 |
_aAR-UNSa-BCEJYS _bspa _cAR-UNSa-BCEJYS |
||
| 080 |
_a343.9 _xCriminología. Criminalística |
||
| 245 | 1 | 0 |
_aDelitos de los débiles y de los poderosos _pEjercicios de anticriminología |
| 020 | _a978-950-894-484-9 | ||
| 264 | 1 |
_aBuenos Aires : _bAD-HOC _c2005 |
|
| 300 |
_a232 p. _c23 cm. |
||
| 505 | _a1. Un modelo Fordista de la actividad criminal - 2. Bazar urbano y barricadas – 3. Culturas ilegales privadas de economías ilegales – 4. Criminalidad “Just in time” – 5. Proveedores de servicios y criminales – 6. Intercambio corrupto: ¿delitos sin víctimas? – 7. La corrupción como resentimiento – 8. La criminalidad político-administrativa como sentido del estado. | ||
| 041 | _aspa | ||
| 942 | _cBK | ||
| 590 | _aniveau_biblio:m niveau_hierar:0 | ||
| 100 | 1 | _aRuggiero, Vincenzo | |
| 999 |
_c7879 _d7879 |
||